• 首页
  • 本馆介绍
  • 公告通知
  • 最新文献
  • 馆藏检索
  • 电子资源
  • 读者导购
  • 参考咨询
  • 我的图书馆
  • 登录
  • 详细信息显示
  • 放入我的书架
  • 预约/预借图书
  • 作者相关作品
  • 分类相关作品
  • 丛书相关作品
  • 出版社相关作品

书目信息

  • 表格格式
  • 工作单格式
  • 卡片格式
题名:
概率论
    
 
作者: ;复旦大学 编
分册: 第三册   随机过程
出版信息: 北京   人民教育出版社  1981
页数: 389页
开本: 19cm
丛书名:
单 册:
中图分类: O211.1
科图分类:
主题词: 概率论--高等学校--教材 , 概率论 , 数理统计 , 随机过程--高等学校--教材
电子资源:
ISBN:
000 00707nam0 2200265 45
001 0181010730
005 20070710151551.12
010    @dCNY0.90
091    @a13012.0564
100    @a19960215d1981 em y0chiy0121 ea
101 0  @achi
102    @aCN@b110000
105    @ay z 000yy
200 10 @a概率论@Agai lv lun@h第三册@i随机过程@f复旦大学编@Ffu dan da xue bian
210    @a北京@c人民教育出版社@d1981
215    @a389页@d19cm
300    @a高等学校试用教材
606    @a概率论@x高等学校@x教材
606 0  @a概率论
606 0  @a数理统计
606    @a随机过程@x高等学校@x教材
690    @aO211.1
711 02 @a复旦大学@Afu dan da xue@4编
801  0 @aCN@bNLC@c20070710
905    @dO211.1@e11:3
    
    概率论.第三册.随机过程/复旦大学编.-北京:人民教育出版社,1981
    389页;19cm
    高等学校试用教材
    
    ISBN :CNY0.90
    
●
相关链接 在E读中查询图书 在五车中查询图书 在当当中查询图书 在豆瓣中查询图书


正题名:概率论     索取号:O211.1/11:3         预约/预借

序号 登录号 条形码 馆藏地/架位号 状态 备注
1 0045221   202285268   密集书库/ [索取号:O211.1/11:3] 在馆    
2 0045222   202252971   密集书库/ [索取号:O211.1/11:3] 在馆    
3 0045223   000404422   第三借阅区/ [索取号:O211.1/11:3] 在馆    
4 0045224   000404360   第三借阅区/ [索取号:O211.1/11:3] 在馆    
5 0045225   000404351   第三借阅区/ [索取号:O211.1/11:3] 在馆    
6 0045226   000404388   第三借阅区/ [索取号:O211.1/11:3] 在馆    
7 0045227   202252926   密集书库/ [索取号:O211.1/11:3] 在馆    
8 0045228   202285231   密集书库/ [索取号:O211.1/11:3] 在馆    
9 0045229   000404468   第三借阅区/ [索取号:O211.1/11:3] 在馆    
10 0045230   202249959   密集书库/ [索取号:O211.1/11:3] 在馆    
11 0421986   204219862   密集书库/ [索取号:O211.1/11:3] 在馆    
12 0421987   204219871   密集书库/ [索取号:O211.1/11:3] 在馆    
13 0429879   204298795   密集书库/ [索取号:O211.1/11:3] 在馆    
14 0429880   204298802   密集书库/ [索取号:O211.1/11:3] 在馆    
15 0430034   204300345   密集书库/ [索取号:O211.1/11:3] 在馆    
16 0430035   204300354   密集书库/ [索取号:O211.1/11:3] 在馆    
17 0431644   204316445   密集书库/ [索取号:O211.1/11:3] 在馆    
18 0455305   204553054   密集书库/ [索取号:O211.1/11:3] 在馆    
19 0455306   204553063   密集书库/ [索取号:O211.1/11:3] 在馆    
20 0455307   204553072   密集书库/ [索取号:O211.1/11:3] 在馆    
21 0468521   204685215   密集书库/ [索取号:O211.1/11:3] 在馆    
22 0765007   207650077   密集书库/ [索取号:O211.1/11:3] 在馆    
23 0767861   207678618   密集书库/ [索取号:O211.1/11:3] 在馆    
唐山师范学院图书馆 欢迎您!
大连网信软件有限公司© 版权所有